| 000 | 00437nam a22001697a 4500 | ||
|---|---|---|---|
| 005 | 20160520121747.0 | ||
| 008 | 160520b xxu||||| |||| 00| 0 eng d | ||
| 020 | _a81-219-2822-2 | ||
| 041 | _aeng | ||
| 082 | _b3476 | ||
| 100 |
_aKhurmi R.S. & Khurmi N _9871 |
||
| 245 | _aStrength of Materials Mechanics of Solids | ||
| 260 |
_aNew Delhi _bSultan Chand & Sons. |
||
| 300 | _a924 | ||
| 650 |
_aDIPLOMA ENGINEERING _9817 |
||
| 942 | _cBK | ||
| 999 |
_c1191 _d1191 |
||